They met Jesus. (Record no. 5082)

000 -LEADER
fixed length control field 00566nam a2200193 a 4500
001 - CONTROL NUMBER
control field :::00002823$&:&@@
003 - CONTROL NUMBER IDENTIFIER
control field OkBaRHE
005 - DATE AND TIME OF LATEST TRANSACTION
control field 20000607103257.0
008 - FIXED-LENGTH DATA ELEMENTS--GENERAL INFORMATION
fixed length control field s1974 j 000 0 eng u
040 ## - CATALOGING SOURCE
Transcribing agency
100 1# - MAIN ENTRY--PERSONAL NAME
Personal name Hubbard, David Allan.
245 10 - TITLE STATEMENT
Title They met Jesus.
250 ## - EDITION STATEMENT
Edition statement [1st ed.]
260 ## - PUBLICATION, DISTRIBUTION, ETC. (IMPRINT)
Place of publication, distribution, etc Philadelphia, PA., :
Name of publisher, distributor, etc A. J. Holman Co.
Date of publication, distribution, etc c1974
300 ## - PHYSICAL DESCRIPTION
Extent 120 p. ;
Dimensions 21 cm.
650 ## - SUBJECT ADDED ENTRY--TOPICAL TERM
Topical term or geographic name as entry element Bible New Testament
General subdivision Biography
942 ## - ADDED ENTRY ELEMENTS (KOHA)
Source of classification or shelving scheme
Koha item type Books
Copies
Damaged status Koha item type Price effective from Full call number Permanent Location Withdrawn status Shelving location Not for loan Source of classification or shelving scheme Copy number Lost status Barcode Date acquired Date last seen
 Books2010-04-14BS 2430 .H8RHEMA Bible Training College General Stacks  1 28232010-04-142018-03-16